00840nam a2200241Ia 450000100060000000300090000600800410001504000130005604000130006904100130008210000180009510000290011324501050014224500430024725000110029026000120030126000100031326000490032330000570037250001180042965000200054765000310056796596IT-RoPAU130308s9999 xx 000 0 und d aIT-RoPAU cIT-RoPAU aITALIANO aZacchi Romana gCodice Aut. SPICS: 33472 aPrisma della fortune (Il): Romeo e Giulietta dal poema di Arthur Brooke alla variante shakespeariana bRomeo And Juliet dal testo Alla Scena a1a ed. aBOLOGNA bClueb c1986 [1° Ed.:1986 - Ed.Ling.Originale:1986] a"15 p. (prefazione: no ; testo: 15 [pagine: 69-83])" aUna Storia Riscrivibile Shakespeare Lettore di Brooke Poema Narrativo di Brooke Transcodificazione di Shakespeare aSAGGI DI TEATRO eCodice materia Spics: 8411